Statistics for Euro 2016 Top Scorers

Click here to take the quiz!

General Stats

  • This quiz has been taken 35 times
    (18 since last reset)
  • The average score is 10 of 19

Answer Stats

GoalsTeamPlayer% Correct
3WalesBale
100%
3PortugalRonaldo
92%
3FranceGiroud
85%
6FranceGriezmann
85%
2BelgiumLukaku
77%
3SpainMorata
77%
3FrancePayet
77%
3PortugalNani
69%
2ItalyPellè
69%
2WalesRobson-Kanu
69%
2CroatiaPerišić
46%
2RomaniaStancu
46%
2GermanyGomez
31%
2PolandBłaszczykowski
23%
2IrelandBrady
23%
2BelgiumNainggolan
23%
2IcelandBjarnason
15%
2IcelandSigthórsson
15%
2HungaryDzsudzsák
8%

Score Distribution

Percentile by Number Answered

Percent of People with Each Score

Your Score History

You have not taken this quiz since the last reset